=LDR 00000nam 2200000 4500 =001 INLIS000000000030879 =005 20180702033939 =035 ##$$a 0010-061300000030879 =008 180702###########################0#ind## =041 ##$$a ind =082 ##$$a 813 k =090 ##$$a 813 k, Arm l =100 ##$$a Arman a.z =245 1#$$a Loper koran Cilik, /$c Arman a.z; penyunting, Yani =260 ##$$a Jakarta :$b Gema Insani,$c 2007 =300 ##$$a 118 hlm, : $b ilus, ; $c 20 cm =650 ##$$a Fiksi Indonesia Kanak-kanak =850 ##$$a NBPNMAT =020 ##$$a 979-56-0145-8 =084 ##$$a 813 k ARM l =990 ##$$a 75857585 =990 ##$$a 20901453